[Event "1st FIDE OWCCCC Pools-East 2021"]
[Site "Online"]
[Date "2021.02.20"]
[Round "5.16"]
[White "tomsun"]
[Black "Nikolic, Jelena"]
[Result "1-0"]
[WhiteElo "1864"]
[BlackElo "1696"]
[Annotator "NA RC"]
[PlyCount "121"]
[EventDate "2021.02.19"]
[EventType "team-tourn"]
[EventCountry "NET"]
[SourceTitle "playchess.com"]
[Source "ChessBase"]
[SourceQuality "1"]

1. e4 d5 2. exd5 Qxd5 3. d4 Nf6 4. Nf3 Bf5 5. Be2 e6 6. O-O Nc6 7. c4 Qd7 8. Be3 Be7 9. Nc3 O-O 10. h3 a6 11. d5 exd5 12. cxd5 Nb4 13. Ne5 Qd6 14. Nc4 Qd7 15. Ne5 Qd8 16. Bc4 Bd6 17. Ng4 Nxg4 18. hxg4 Bg6 19. Qf3 Nc2 20. Rad1 Nxe3 21. Qxe3 Qd7 22. Be2 Rae8 23. Qf3 f5 24. g5 Qe7 25. Bd3 Qxg5 26. Rde1 Qh4 27. g3 Qg5 28. Rxe8 Rxe8 29. Ne2 Rf8 30. Nd4 f4 31. Ne6 Qf6 32. Bxg6 Qxg6 33. Nxf8 Kxf8 34. Re1 Kg8 35. Re6 Qf7 36. Qe4 h6 37. Re8+ Bf8 38. Qe6 fxg3 39. fxg3 g6 40. Rb8 Kg7 41. Qxf7+ Kxf7 42. Rxb7 Bd6 43. Kg2 Kf6 44. Ra7 Ke5 45. Rxa6 Kxd5 46. Ra8 g5 47. Rh8 Kd4 48. Rxh6 Kd3 49. Rh8 Kc2 50. Rb8 c5 51. Rb5 Kb1 52. a4 Ka2 53. a5 Be5 54. a6 Bxb2 55. a7 Kb1 56. a8=Q Kc2 57. Qe4+ Kc3 58. Rxc5+ Kb3 59. Qc2+ Ka2 60. Rb5 Ka3 61. Qb3# 1-0

[Event "1st FIDE OWCCCC Pools-East 2021"]
[Site "Online"]
[Date "2021.02.20"]
[Round "5.16"]
[White "Chobot, Zdzislaw"]
[Black "Brychta, David"]
[Result "0-1"]
[WhiteElo "1645"]
[BlackElo "2147"]
[Annotator "NA"]
[PlyCount "64"]
[EventDate "2021.02.19"]
[EventType "team-tourn"]
[EventCountry "NET"]
[SourceTitle "playchess.com"]
[Source "ChessBase"]
[SourceQuality "1"]

1. f4 Nf6 2. Nf3 g6 3. g3 Bg7 4. Bg2 O-O 5. O-O d5 6. d3 c5 7. c3 Nc6 8. Qe1 d4 9. e4 dxe3 10. Bxe3 Qd6 11. Na3 Ng4 12. Rd1 Nxe3 13. Qxe3 Qe6 14. Qxc5 Qxa2 15. Rf2 Be6 16. Qe3 Bxc3 17. bxc3 Qxa3 18. d4 Bd5 19. Ne5 Qb3 20. Qd2 Bxg2 21. Rxg2 Rac8 22. Nd7 Rfd8 23. Nc5 Qb5 24. Qb2 Qxb2 25. Rxb2 b6 26. Nd3 Na5 27. Rc1 Rc7 28. Rbc2 Rdc8 29. Nb4 Nb3 30. Nd5 Rd7 31. Rb1 Nxd4 32. Rd2 Nf3+ 0-1

[Event "1st FIDE OWCCCC Pools-East 2021"]
[Site "Online"]
[Date "2021.02.20"]
[Round "5.16"]
[White "Kondrashina, Svetlana"]
[Black "Andreikin, Dmitry"]
[Result "1/2-1/2"]
[WhiteElo "1638"]
[BlackElo "2725"]
[Annotator "TA"]
[PlyCount "148"]
[EventDate "2021.02.19"]
[EventType "team-tourn"]
[EventCountry "NET"]
[SourceTitle "playchess.com"]
[Source "ChessBase"]
[SourceQuality "1"]

1. e4 c5 2. Nc3 Nc6 3. g3 g6 4. Bg2 Bg7 5. d3 e6 6. Be3 d6 7. Qd2 Nd4 8. Nge2 Ne7 9. O-O O-O 10. Rac1 Rb8 11. Bh6 Qa5 12. Bxg7 Kxg7 13. Qe3 Nxe2+ 14. Qxe2 b5 15. a3 b4 16. axb4 Qxb4 17. Rb1 Nc6 18. Qd1 a5 19. Ne2 e5 20. c3 Qb3 21. f4 Qxd1 22. Rfxd1 Bg4 23. Re1 Bxe2 24. Rxe2 Rb3 25. Rf1 Rfb8 26. Rff2 a4 27. f5 f6 28. fxg6 hxg6 29. Bh3 a3 30. bxa3 Rxa3 31. Rc2 Rbb3 32. Bd7 Ne7 33. Be6 Rxc3 34. Bc4 Rxc2 35. Rxc2 f5 36. exf5 Nxf5 37. Rb2 Ra1+ 38. Kf2 Kf6 39. Rb7 Rc1 40. h4 g5 41. h5 g4 42. Rf7+ Kg5 43. Be6 Rc2+ 44. Ke1 Nxg3 45. Rg7+ Kxh5 46. Rxg4 Rg2 47. Rg8 Kh4 48. Bd5 Rh2 49. Rh8+ Nh5 50. Bf7 Kg5 51. Rd8 Kf6 52. Bxh5 Rxh5 53. Rxd6+ Kf5 54. Kd2 Rh2+ 55. Kc3 Ra2 56. Kc4 Ra5 57. Rd5 Ra1 58. Kxc5 Rc1+ 59. Kd6 Rd1 60. Rxe5+ Kf6 61. Rd5 Kf7 62. d4 Ke8 63. Re5+ Kd8 64. d5 Ra1 65. Rh5 Ra6+ 66. Ke5 Kd7 67. Rh8 Rb6 68. Rh7+ Kd8 69. d6 Rb1 70. Ke6 Re1+ 71. Kd5 Rd1+ 72. Ke6 Re1+ 73. Kd5 Rd1+ 74. Ke6 Re1+ 1/2-1/2

[Event "1st FIDE OWCCCC Pools-East 2021"]
[Site "Online"]
[Date "2021.02.20"]
[Round "5.17"]
[White "Pancevski, Filip"]
[Black "Cs, Rajesh"]
[Result "1-0"]
[WhiteElo "2519"]
[BlackElo "2202"]
[Annotator "ChessBase"]
[PlyCount "65"]
[EventDate "2021.02.19"]
[EventType "team-tourn"]
[EventCountry "NET"]
[SourceTitle "playchess.com"]
[Source "ChessBase"]
[SourceQuality "1"]

1. e4 c5 2. Nf3 e6 3. d3 Nc6 4. g3 d5 5. Nbd2 Nf6 6. Bg2 Be7 7. O-O O-O 8. Re1 b5 9. e5 Nd7 10. Nf1 a5 11. h4 b4 12. h5 a4 13. h6 g6 14. a3 Nb6 15. N1h2 f6 16. exf6 Bxf6 17. Ng4 e5 18. Ngxe5 Nxe5 19. Nxe5 Bxe5 20. Rxe5 Rxf2 21. Kxf2 Qf6+ 22. Bf4 Bd7 23. axb4 cxb4 24. Kg1 Rf8 25. Qe1 b3 26. cxb3 axb3 27. Ra6 Bc8 28. Bxd5+ Kh8 29. Re8 Qd4+ 30. Qe3 Qxe3+ 31. Bxe3 Rxe8 32. Bd4+ Re5 33. Bxe5# 1-0

[Event "1st FIDE OWCCCC Pools-East 2021"]
[Site "Online"]
[Date "2021.02.20"]
[Round "5.17"]
[White "Nair, Sanjeev"]
[Black "Kishorekumar, V.."]
[Result "1-0"]
[WhiteElo "2143"]
[BlackElo "1831"]
[Annotator "NA"]
[PlyCount "125"]
[EventDate "2021.02.19"]
[EventType "team-tourn"]
[EventCountry "NET"]
[SourceTitle "playchess.com"]
[Source "ChessBase"]
[SourceQuality "1"]

1. e4 c5 2. Nf3 e6 3. d4 cxd4 4. Nxd4 a6 5. Nc3 Qc7 6. g3 Bb4 7. Nde2 Nf6 8. Bg2 Nc6 9. O-O O-O 10. Bf4 d6 11. a3 Bc5 12. b4 e5 13. bxc5 exf4 14. cxd6 Qd8 15. Nxf4 Bg4 16. Qd2 Ne5 17. f3 Bd7 18. Kh1 Bb5 19. Rfd1 Rc8 20. a4 Bc6 21. Qd4 Re8 22. Nd3 Nxd3 23. Rxd3 Nd7 24. Rad1 Re6 25. f4 Qe8 26. h3 Rh6 27. Kh2 Qe6 28. Ne2 b5 29. f5 Qe5 30. Nf4 Qxd4 31. Rxd4 bxa4 32. R1d2 Rd8 33. g4 g5 34. Nd3 Bb5 35. Nb4 Ne5 36. Kg3 Rf6 37. Nd5 Rh6 38. Ne7+ Kf8 39. f6 Rxf6 40. Nf5 Nd7 41. Rd5 Nb6 42. Rc5 Nc4 43. Rd1 Ne3 44. Nxe3 Rfxd6 45. Rxd6 Rxd6 46. Nd5 a3 47. Rc3 a2 48. Ra3 Bc4 49. Nb4 Rd2 50. Nxa2 Rxc2 51. Nb4 Rc1 52. Nxa6 Rg1 53. Nc5 Bf1 54. Ra2 Bc4 55. Rc2 Be6 56. Nxe6+ fxe6 57. Kf2 Rb1 58. e5 Rb5 59. Re2 Ke7 60. Kg3 Rb3+ 61. Bf3 h6 62. Ra2 Rb7 63. Bxb7 1-0

[Event "1st FIDE OWCCCC Pools-East 2021"]
[Site "Online"]
[Date "2021.02.20"]
[Round "5.17"]
[White "Siddharth, Venkatesh"]
[Black "Nguyen, Piotr"]
[Result "0-1"]
[WhiteElo "1826"]
[BlackElo "2411"]
[Annotator "TA"]
[PlyCount "144"]
[EventDate "2021.02.19"]
[EventType "team-tourn"]
[EventCountry "NET"]
[SourceTitle "playchess.com"]
[Source "ChessBase"]
[SourceQuality "1"]

1. d4 d6 2. Nf3 g6 3. c4 Bg7 4. Bf4 Nd7 5. Nc3 e5 6. dxe5 dxe5 7. Bg3 Nh6 8. h3 Nf5 9. Bh2 O-O 10. g4 Nd4 11. e3 Nxf3+ 12. Qxf3 c6 13. Bg2 Nb6 14. Qe2 Be6 15. b3 a5 16. Rd1 Qe7 17. O-O a4 18. Ne4 axb3 19. axb3 Qb4 20. Qc2 Ra3 21. Rb1 Rfa8 22. Rfd1 h6 23. Nd2 Ra2 24. Qc1 Nd7 25. Nf3 R8a3 26. Rd2 Rxb3 27. Rxb3 Qxb3 28. Rxa2 Qxa2 29. Bf1 Kh7 30. Ne1 e4 31. c5 Qb2 32. Qxb2 Bxb2 33. Bd6 Ba3 34. Bg2 Bxc5 35. Bf4 f5 36. gxf5 gxf5 37. Nc2 Kg6 38. Kf1 Nf6 39. Nd4 Bc4+ 40. Ke1 Nd5 41. Be5 Bb4+ 42. Kd1 c5 43. Ne2 b5 44. h4 Bxe2+ 45. Kxe2 Bc3 46. Bd6 c4 47. Bh3 Nf6 48. Kd1 Ng4 49. Bg3 Kf6 50. Bf1 Be5 51. Bxe5+ Kxe5 52. Ke1 Kd5 53. Be2 b4 54. Bd1 b3 55. Ke2 Ne5 56. Kd2 Kc5 57. Kc3 Ng4 58. Be2 Nxf2 59. Bxc4 Nd1+ 60. Kxb3 Nxe3 61. Be6 Kd4 62. Kb2 f4 63. Kc1 Kd3 64. Bc8 f3 65. Ba6+ Kc3 66. h5 f2 67. Be2 f1=Q+ 68. Bxf1 Nxf1 69. Kd1 Ng3 70. Ke1 Kd3 71. Kf2 Nxh5 72. Kg2 Nf6 0-1

[Event "1st FIDE OWCCCC Pools-East 2021"]
[Site "Online"]
[Date "2021.02.20"]
[Round "5.17"]
[White "Jangle, Hemang J"]
[Black "Nagy Wafa, Shahenda"]
[Result "1-0"]
[WhiteElo "1796"]
[BlackElo "2014"]
[Annotator "TA"]
[PlyCount "117"]
[EventDate "2021.02.19"]
[EventType "team-tourn"]
[EventCountry "NET"]
[SourceTitle "playchess.com"]
[Source "ChessBase"]
[SourceQuality "1"]

1. e4 c5 2. c3 d5 3. exd5 Qxd5 4. d4 Nf6 5. Nf3 Bg4 6. Be2 e6 7. Be3 Be7 8. dxc5 Qxd1+ 9. Bxd1 Ne4 10. h3 Bh5 11. Ba4+ Kd8 12. O-O Bxf3 13. gxf3 Nxc5 14. Rd1+ Kc8 15. Bc2 Nc6 16. Na3 a6 17. Nc4 Nd7 18. Nd6+ Bxd6 19. Rxd6 Kc7 20. Rad1 Rad8 21. f4 Nf6 22. Rxd8 Rxd8 23. f3 Rxd1+ 24. Bxd1 Nd5 25. Bd2 Kd6 26. Kf2 Na5 27. b3 Nc6 28. a3 b5 29. c4 bxc4 30. bxc4 Nb6 31. Be2 Nd4 32. c5+ Kxc5 33. Bxa6 Nc2 34. Bc1 Nd5 35. Ke2 Nd4+ 36. Kf2 Nb5 37. a4 Nbc3 38. Bd3 h6 39. a5 Nc7 40. Bb2 N3d5 41. Bxg7 Nxf4 42. Bf1 h5 43. Kg3 Ng6 44. Be5 Nxe5 45. Kh4 Nxf3+ 46. Kxh5 Nd4 47. Kh6 e5 48. Kg7 f5 49. Kf6 Kd6 50. a6 f4 51. Kg5 f3 52. Kg4 e4 53. Kf4 Kd5 54. Ke3 Nf5+ 55. Kf2 Kd4 56. a7 Nh4 57. Kg3 Nf5+ 58. Kf4 Nd6 59. Kg3 1-0

[Event "1st FIDE OWCCCC Pools-East 2021"]
[Site "Online"]
[Date "2021.02.20"]
[Round "5.17"]
[White "Yurikov, Pavel"]
[Black "Drost, Peter"]
[Result "0-1"]
[WhiteElo "1781"]
[BlackElo "2158"]
[Annotator "TA"]
[PlyCount "146"]
[EventDate "2021.02.19"]
[EventType "team-tourn"]
[EventCountry "NET"]
[SourceTitle "playchess.com"]
[Source "ChessBase"]
[SourceQuality "1"]

1. d4 Nf6 2. c4 g6 3. Nf3 d6 4. g3 c6 5. Bg2 Bg7 6. Nc3 O-O 7. O-O Qa5 8. e4 e5 9. Be3 Nbd7 10. Qc2 Ng4 11. Bd2 exd4 12. Nb5 Qb6 13. Nxd6 a5 14. h3 Nge5 15. Rab1 Nxf3+ 16. Bxf3 Ne5 17. Bg2 Qc5 18. Nxc8 Rfxc8 19. b3 b5 20. Rbc1 bxc4 21. bxc4 a4 22. Bf4 a3 23. Bxe5 Bxe5 24. Qd3 Rcb8 25. Rb1 Rb2 26. Ra1 Ra4 27. Rfc1 Bc7 28. Bf1 Ba5 29. Qd1 Rab4 30. Qd3 Rb7 31. Qf3 Kg7 32. h4 h5 33. Kh2 Re7 34. Kh3 Re6 35. Qd3 Rxf2 36. Bg2 Qe5 37. Rf1 Rxf1 38. Rxf1 Bc3 39. Bf3 c5 40. Rb1 Rf6 41. Rb7 Be1 42. Bg2 Qe6+ 43. Kh2 Qg4 44. e5 Rf2 45. Rb3 Rxa2 46. Rxa3 Rxa3 47. Qxa3 Qe2 48. Qf3 Qxe5 49. Qd5 Qe7 50. Qe4 Qxe4 51. Bxe4 Kf6 52. Kg2 Ke5 53. Kf3 Bd2 54. Bd3 g5 55. Ke2 Bc1 56. Kf3 gxh4 57. gxh4 Bd2 58. Kg3 Be1+ 59. Kh3 Kf4 60. Be2 Ke3 61. Bxh5 f6 62. Kg4 d3 63. Kf5 Bxh4 64. Ke6 Kd4 65. Kd6 Kxc4 66. Ke6 Kd4 67. Kf5 c4 68. Kg4 Ke3 69. Kxh4 c3 70. Kg3 c2 71. Kg4 c1=Q 72. Kf5 Qf1+ 73. Ke6 d2 0-1

[Event "1st FIDE OWCCCC Pools-East 2021"]
[Site "Online"]
[Date "2021.02.20"]
[Round "5.17"]
[White "Chernikova, Iryna"]
[Black "Sharma, Keshav"]
[Result "0-1"]
[WhiteElo "1509"]
[BlackElo "2034"]
[Annotator "NA"]
[PlyCount "56"]
[EventDate "2021.02.19"]
[EventType "team-tourn"]
[EventCountry "NET"]
[SourceTitle "playchess.com"]
[Source "ChessBase"]
[SourceQuality "1"]

1. d4 Nf6 2. c4 e6 3. Nc3 Bb4 4. Bd2 O-O 5. e3 d5 6. Nf3 c5 7. a3 Bxc3 8. Bxc3 Ne4 9. Bd3 Nc6 10. dxc5 Nxc3 11. bxc3 dxc4 12. Bxc4 Qa5 13. Qc2 Qxc5 14. Bd3 h6 15. O-O e5 16. h3 Be6 17. Nd2 f5 18. Nb3 Qe7 19. Rfd1 Rac8 20. Qb2 e4 21. Bf1 f4 22. exf4 Rxf4 23. Nd4 Nxd4 24. Rxd4 Qg5 25. g3 Rcf8 26. Rd2 e3 27. Kh2 Rxf2+ 28. Rxf2 Rxf2+ 0-1

[Event "1st FIDE OWCCCC Pools-East 2021"]
[Site "Online"]
[Date "2021.02.20"]
[Round "5.18"]
[White "Karthikeyan, P.."]
[Black "Kelkar, Devika"]
[Result "1-0"]
[WhiteElo "2404"]
[BlackElo "1576"]
[Annotator "NA"]
[PlyCount "161"]
[EventDate "2021.02.19"]
[EventType "team-tourn"]
[EventCountry "NET"]
[SourceTitle "playchess.com"]
[Source "ChessBase"]
[SourceQuality "1"]

1. e4 c5 2. Nf3 d6 3. d4 cxd4 4. Nxd4 Nc6 5. Nc3 Nf6 6. Bc4 e6 7. Bb3 Be7 8. Be3 O-O 9. Qe2 d5 10. O-O-O e5 11. Nxc6 bxc6 12. exd5 cxd5 13. Nxd5 Bd6 14. Bg5 Bf5 15. g4 Bg6 16. h4 h6 17. Nxf6+ gxf6 18. Bxh6 Re8 19. g5 Rc8 20. h5 Bf5 21. g6 Re7 22. gxf7+ Rxf7 23. Kb1 Kh8 24. Bxf7 Rxc2 25. Qxc2 Bxc2+ 26. Kxc2 Qc7+ 27. Kb1 Qxf7 28. Rxd6 Qh7+ 29. Ka1 Qxh6 30. a3 e4 31. Rd8+ Kg7 32. Rd7+ Kf8 33. Rxa7 f5 34. Rd1 Ke8 35. Rg1 Kf8 36. Rgg7 Qc1+ 37. Ka2 Qc4+ 38. Kb1 Qf1+ 39. Kc2 Qd3+ 40. Kc1 Qf1+ 41. Kd2 Qd3+ 42. Ke1 Qb1+ 43. Kd2 Qxb2+ 44. Ke3 Qc1+ 45. Kd4 Qb2+ 46. Kd5 Qb5+ 47. Ke6 Qc4+ 48. Kxf5 Qd5+ 49. Kf4 Qd6+ 50. Kxe4 Qe6+ 51. Kf4 Qf6+ 52. Kg4 Qe6+ 53. Kg3 Qd6+ 54. f4 Qd3+ 55. Kg4 Qe2+ 56. Kg5 Qg2+ 57. Kh6 Qc6+ 58. Rg6 Qe4 59. Raa6 Qxf4+ 60. Kh7 Qf7+ 61. Kh6 Qf4+ 62. Rg5 Kf7 63. Rag6 Ke7 64. Kh7 Qe4 65. Rg4 Qd3 66. R4g5 Qe4 67. Kh8 Qa8+ 68. Rg8 Qxa3 69. h6 Qc3+ 70. R8g7+ Ke8 71. h7 Kf8 72. Rf5+ Ke8 73. Rb5 Qc8 74. Rg8+ Kd7 75. Rxc8 Kxc8 76. Kg7 Kd7 77. h8=Q Kc6 78. Rb3 Kc5 79. Qc8+ Kd6 80. Rd3+ Ke7 81. Qd7# 1-0

[Event "1st FIDE OWCCCC Pools-East 2021"]
[Site "Online"]
[Date "2021.02.20"]
[Round "5.18"]
[White "Zohaib Hassan, Mohamed"]
[Black "He, Yihao"]
[Result "0-1"]
[WhiteElo "2275"]
[BlackElo "1972"]
[Annotator "NA"]
[PlyCount "56"]
[EventDate "2021.02.19"]
[EventType "team-tourn"]
[EventCountry "NET"]
[SourceTitle "playchess.com"]
[Source "ChessBase"]
[SourceQuality "1"]

1. d4 d5 2. Bf4 Nf6 3. Nf3 c5 4. c3 e6 5. e3 Nc6 6. Bd3 Bd6 7. Ne5 Qc7 8. Nxc6 Bxf4 9. exf4 bxc6 10. g3 cxd4 11. cxd4 Qb6 12. Qc2 Bd7 13. Qc3 Rb8 14. b3 O-O 15. Nd2 Rfc8 16. Rc1 Be8 17. O-O Nd7 18. Nf3 c5 19. dxc5 Rxc5 20. Qd2 Rbc8 21. Rxc5 Qxc5 22. Rc1 Qxc1+ 23. Qxc1 Rxc1+ 24. Kg2 Nc5 25. Be2 Rc2 26. Nd4 Rxa2 27. Bf3 Rb2 28. Bd1 Rd2 0-1

[Event "1st FIDE OWCCCC Pools-East 2021"]
[Site "Online"]
[Date "2021.02.20"]
[Round "5.18"]
[White "Kubicka, Anna"]
[Black "Iyer, Siddharth"]
[Result "1/2-1/2"]
[WhiteElo "2235"]
[BlackElo "1688"]
[Annotator "TA"]
[PlyCount "130"]
[EventDate "2021.02.19"]
[EventType "team-tourn"]
[EventCountry "NET"]
[SourceTitle "playchess.com"]
[Source "ChessBase"]
[SourceQuality "1"]

1. e4 e5 2. Nf3 Nc6 3. Bb5 a6 4. Ba4 Nf6 5. O-O Be7 6. Re1 b5 7. Bb3 d6 8. c3 O-O 9. h3 Nb8 10. d4 Nbd7 11. c4 Bb7 12. cxb5 axb5 13. d5 c6 14. dxc6 Bxc6 15. Nc3 Nc5 16. Bc2 Qc7 17. Bg5 Rfd8 18. Bxf6 Bxf6 19. Nd5 Bxd5 20. Qxd5 Ne6 21. Bb3 b4 22. Rac1 Qd7 23. g3 Nc5 24. Kg2 g6 25. Red1 Nxb3 26. Qxb3 Ra6 27. Qxb4 Rxa2 28. Rc2 Ra4 29. Qe1 Qb7 30. Re2 Rb4 31. Rdd2 Be7 32. Rc2 Rb8 33. Rcd2 Ra8 34. Qb1 Raa4 35. b3 Rxb3 36. Qd1 Rbb4 37. Rc2 Rxe4 38. Kh2 Rxe2 39. Qxe2 Re4 40. Qd3 Rb4 41. Qc3 Kg7 42. Nd2 Bf6 43. Qc6 Be7 44. Qc3 Bf6 45. Qc6 Qxc6 46. Rxc6 Rd4 47. Nc4 d5 48. Nd6 Rd2 49. Ne8+ Kf8 50. Nxf6 Rxf2+ 51. Kg1 Rd2 52. Nxh7+ Kg7 53. Ng5 f6 54. Rc7+ Kh6 55. Ne6 d4 56. Rc8 g5 57. g4 Rd3 58. Kg2 Rd2+ 59. Kg3 d3 60. Rd8 Rd1 61. Kg2 e4 62. Nc5 Re1 63. Nxd3 exd3 64. Rxd3 Re2+ 65. Kg3 Re5 1/2-1/2

[Event "1st FIDE OWCCCC Pools-East 2021"]
[Site "Online"]
[Date "2021.02.20"]
[Round "5.18"]
[White "Shyamu, Sharma"]
[Black "Touzane, Olivier"]
[Result "0-1"]
[WhiteElo "2100"]
[BlackElo "2276"]
[Annotator "NA"]
[PlyCount "80"]
[EventDate "2021.02.19"]
[EventType "team-tourn"]
[EventCountry "NET"]
[SourceTitle "playchess.com"]
[Source "ChessBase"]
[SourceQuality "1"]

1. d4 d5 2. e3 Nf6 3. Nf3 Bg4 4. Be2 e6 5. c4 c6 6. Nc3 Nbd7 7. O-O Bd6 8. h3 h5 9. cxd5 exd5 10. Qc2 Qe7 11. a3 Ne4 12. Nxe4 dxe4 13. Nh2 Bf5 14. Rd1 Qg5 15. Kh1 Qh4 16. f4 exf3 17. Nxf3 Bxc2 18. Nxh4 Bxd1 19. Bxd1 g6 20. Bb3 Bg3 21. Nf3 O-O 22. Bd2 Nf6 23. Ng5 Bh4 24. Nf3 Ne4 25. Bb4 Bg3 26. Bxf8 Rxf8 27. Bc2 Re8 28. Ne1 Nf2+ 29. Kg1 Rxe3 30. Nf3 Nxh3+ 31. Kf1 Nf4 32. Ne5 Re2 33. Bb3 Rf2+ 34. Kg1 Rxg2+ 35. Kh1 Rh2+ 36. Kg1 Ne2+ 37. Kf1 Nxd4 38. Bxf7+ Kg7 39. Bxg6 Rf2+ 40. Kg1 Ne2+ 0-1

[Event "1st FIDE OWCCCC Pools-East 2021"]
[Site "Online"]
[Date "2021.02.20"]
[Round "5.18"]
[White "Simsek, Cevdet"]
[Black "Serin, Aleksandr"]
[Result "1-0"]
[WhiteElo "2061"]
[BlackElo "1422"]
[Annotator "NA"]
[PlyCount "43"]
[EventDate "2021.02.19"]
[EventType "team-tourn"]
[EventCountry "NET"]
[SourceTitle "playchess.com"]
[Source "ChessBase"]
[SourceQuality "1"]

1. d4 d5 2. c4 e6 3. Nf3 Nf6 4. g3 Nbd7 5. Bg2 Be7 6. O-O O-O 7. Nc3 b6 8. Ne5 Bb7 9. Qa4 Nb8 10. Bg5 h6 11. Bf4 g5 12. Be3 c6 13. Rac1 Qd6 14. f4 Nh7 15. Qc2 f5 16. cxd5 exd5 17. fxg5 Bxg5 18. Bxg5 Nxg5 19. Rxf5 Nd7 20. Rcf1 Kg7 21. h4 Ne6 22. Rf7+ 1-0

[Event "1st FIDE OWCCCC Pools-East 2021"]
[Site "Online"]
[Date "2021.02.20"]
[Round "5.18"]
[White "Pugazhendhi, Praveenkumar"]
[Black "Dimovski, Nikola"]
[Result "0-1"]
[WhiteElo "1811"]
[BlackElo "2405"]
[Annotator "TA"]
[PlyCount "154"]
[EventDate "2021.02.19"]
[EventType "team-tourn"]
[EventCountry "NET"]
[SourceTitle "playchess.com"]
[Source "ChessBase"]
[SourceQuality "1"]

1. d4 g6 2. c4 Bg7 3. Nc3 Nf6 4. Nf3 d6 5. Bg5 O-O 6. e3 c6 7. Qc2 Nbd7 8. Rd1 Qa5 9. Bxf6 Nxf6 10. h3 Bf5 11. Bd3 Bxd3 12. Qxd3 e5 13. O-O e4 14. Nxe4 Nxe4 15. Qxe4 Qxa2 16. Qc2 Qa5 17. Ra1 Qc7 18. c5 d5 19. Ra3 Rfe8 20. Rfa1 a6 21. b4 Rad8 22. Qb3 Re7 23. Qd1 Rde8 24. Nd2 Qd7 25. Qf3 Re6 26. Qg4 Qe7 27. Rf1 h6 28. Nb3 Kh7 29. Nc1 h5 30. Qd1 Re4 31. Ne2 Bh6 32. Ng3 Re6 33. Rd3 f5 34. Ne2 Qh4 35. Kh2 Qf6 36. Qc2 Re4 37. Qd1 f4 38. Nxf4 Bxf4+ 39. exf4 Qxf4+ 40. g3 Qc7 41. Rf3 Qg7 42. Qd3 Rxd4 43. Qc3 Rc4 44. Qd2 Re7 45. Rb1 Qe5 46. Re3 Re4 47. Rf3 Re2 48. Qf4 Qxf4 49. Rxf4 Kg7 50. Kg2 R2e4 51. Rf3 Rf7 52. Rxf7+ Kxf7 53. Kf3 Ke6 54. Rb3 Ke5 55. Rb2 Kd4 56. g4 h4 57. Rb3 Kc4 58. Rb1 Kc3 59. Kg2 Rxb4 60. Rxb4 Kxb4 61. f4 Kxc5 62. f5 gxf5 63. g5 Kd6 64. g6 Ke7 65. Kf3 Kf6 66. Kf4 Kxg6 67. Kf3 a5 68. Kf4 a4 69. Ke3 a3 70. Kf4 a2 71. Kf3 a1=Q 72. Kf2 Qc3 73. Kg2 f4 74. Kf2 Qe3+ 75. Kf1 Qd2 76. Kg1 f3 77. Kh1 Qg2# 0-1

[Event "1st FIDE OWCCCC Pools-East 2021"]
[Site "Online"]
[Date "2021.02.20"]
[Round "5.19"]
[White "Ma, Whee Ky"]
[Black "Athirai, S."]
[Result "0-1"]
[WhiteElo "2324"]
[BlackElo "1899"]
[Annotator "NA"]
[PlyCount "72"]
[EventDate "2021.02.19"]
[EventType "team-tourn"]
[EventCountry "NET"]
[SourceTitle "playchess.com"]
[Source "ChessBase"]
[SourceQuality "1"]

1. e4 c5 2. Nf3 d6 3. Bb5+ Bd7 4. Bxd7+ Nxd7 5. O-O Ngf6 6. Qe2 e6 7. b3 Be7 8. Bb2 a6 9. c4 O-O 10. Nc3 Rc8 11. d3 Nb6 12. Rfe1 Na8 13. Kh1 Nc7 14. a4 d5 15. exd5 Re8 16. dxe6 Nxe6 17. Qd2 Qd6 18. Ne4 Nxe4 19. dxe4 Qxd2 20. Nxd2 Rcd8 21. Nf1 Rd3 22. Re3 Red8 23. g3 Rxe3 24. Nxe3 Rd2 25. Bc3 Rxf2 26. Rd1 Ng5 27. Ng4 Rc2 28. Rd7 Kf8 29. Bxg7+ Kxg7 30. Rxe7 Nf3 31. e5 h5 32. e6 hxg4 33. Rxf7+ Kg6 34. Rxf3 gxf3 35. e7 Re2 36. h4 Rxe7 0-1

[Event "1st FIDE OWCCCC Pools-East 2021"]
[Site "Online"]
[Date "2021.02.20"]
[Round "5.19"]
[White "Arzamastsev, Artur"]
[Black "DodgeCharger"]
[Result "0-1"]
[WhiteElo "2128"]
[BlackElo "1690"]
[Annotator "TA"]
[PlyCount "48"]
[EventDate "2021.02.19"]
[EventType "team-tourn"]
[EventCountry "NET"]
[SourceTitle "playchess.com"]
[Source "ChessBase"]
[SourceQuality "1"]

1. d4 d5 2. c4 c6 3. Nf3 Nf6 4. e3 e6 5. Nc3 Bd6 6. Qc2 O-O 7. Bd3 Nbd7 8. O-O dxc4 9. Bxc4 e5 10. dxe5 Nxe5 11. Nxe5 Bxe5 12. f4 Bd6 13. e4 Bc5+ 14. Kh1 Ng4 15. g3 Qd4 16. Be2 Nf2+ 17. Kg2 Bh3+ 18. Kf3 Bxf1 19. Bxf1 f5 20. e5 Ne4 21. Na4 Nd2+ 22. Ke2 Qf2+ 23. Kd1 Rad8 24. Bxd2 Qxf1# 0-1

[Event "1st FIDE OWCCCC Pools-East 2021"]
[Site "Online"]
[Date "2021.02.20"]
[Round "5.19"]
[White "Stojkovska, Monika"]
[Black "Ramesh, Shanmugasundaram"]
[Result "0-1"]
[WhiteElo "2106"]
[BlackElo "1970"]
[Annotator "TA"]
[PlyCount "102"]
[EventDate "2021.02.19"]
[EventType "team-tourn"]
[EventCountry "NET"]
[SourceTitle "playchess.com"]
[Source "ChessBase"]
[SourceQuality "1"]

1. e4 c5 2. Nf3 Nc6 3. d4 cxd4 4. Nxd4 Nf6 5. Nc3 e6 6. Ndb5 Bb4 7. Nd6+ Ke7 8. Nxc8+ Rxc8 9. Bd3 d5 10. exd5 Qxd5 11. O-O Qh5 12. Qe1 Rhd8 13. Bd2 Kf8 14. Ne4 Bxd2 15. Nxd2 Ne5 16. Ne4 Nxd3 17. cxd3 Qb5 18. Nxf6 gxf6 19. Qe4 Rxd3 20. Qxh7 Rc2 21. Rad1 Rdd2 22. Rxd2 Rxd2 23. Rc1 Qxb2 24. Qh8+ Ke7 25. Rc7+ Rd7 26. Rxd7+ Kxd7 27. g3 Qb1+ 28. Kg2 Qe4+ 29. Kg1 Ke7 30. Qb8 a6 31. Qc7+ Kf8 32. Qd8+ Kg7 33. h4 Qb1+ 34. Kg2 Qxa2 35. Qb6 Qd5+ 36. Kg1 Qc6 37. Qb2 b5 38. Qe2 Qc4 39. Qe3 b4 40. h5 Qc3 41. Qf4 b3 42. Qg4+ Kf8 43. h6 Qc1+ 44. Kg2 Qxh6 45. Qb4+ Kg7 46. Qxb3 Qg5 47. Qa4 a5 48. Qc4 Qd5+ 49. Qxd5 exd5 50. Kf3 a4 51. Ke3 a3 0-1

[Event "1st FIDE OWCCCC Pools-East 2021"]
[Site "Online"]
[Date "2021.02.20"]
[Round "5.19"]
[White "Krause, Max"]
[Black "Lalit, Karmarkar"]
[Result "1-0"]
[WhiteElo "1954"]
[BlackElo "1838"]
[Annotator "NA"]
[PlyCount "61"]
[EventDate "2021.02.19"]
[EventType "team-tourn"]
[EventCountry "NET"]
[SourceTitle "playchess.com"]
[Source "ChessBase"]
[SourceQuality "1"]

1. Nf3 d5 2. d4 Nf6 3. Bg5 Bf5 4. Bxf6 exf6 5. c4 c6 6. Nc3 Be7 7. Qb3 O-O 8. cxd5 cxd5 9. Qxb7 Nd7 10. Qxd5 Be6 11. Qe4 f5 12. Qd3 Nb6 13. e3 Bb4 14. Be2 Nc4 15. Qc2 Nxb2 16. Qxb2 Qa5 17. Rc1 Ba3 18. Qc2 Rac8 19. Kd2 Bb4 20. Qb2 Rxc3 21. Rxc3 Rc8 22. Rhc1 Bxa2 23. Ne5 Bxc3+ 24. Rxc3 Be6 25. Bf3 f4 26. Nc6 fxe3+ 27. fxe3 Qa6 28. Ne7+ Kf8 29. Nxc8 Bxc8 30. Qb4+ Kg8 31. Qc5 1-0

[Event "1st FIDE OWCCCC Pools-East 2021"]
[Site "Online"]
[Date "2021.02.20"]
[Round "5.19"]
[White "Devani, Roopam"]
[Black "aaarek"]
[Result "0-1"]
[WhiteElo "1705"]
[BlackElo "1574"]
[Annotator "NA RC"]
[PlyCount "104"]
[EventDate "2021.02.19"]
[EventType "team-tourn"]
[EventCountry "NET"]
[SourceTitle "playchess.com"]
[Source "ChessBase"]
[SourceQuality "1"]

1. d4 Nf6 2. c4 e6 3. Nc3 d5 4. e3 Bd6 5. Nf3 O-O 6. Be2 b6 7. a3 Bb7 8. b4 dxc4 9. Bxc4 Nbd7 10. O-O e5 11. dxe5 Nxe5 12. Nxe5 Bxe5 13. Bb2 Ne4 14. Nxe4 Bxb2 15. Ra2 Be5 16. Ng3 Qh4 17. Bd5 Rad8 18. Rd2 Ba6 19. Bxf7+ Kxf7 20. Rxd8 Rxd8 21. Qf3+ Kg8 22. Rc1 h6 23. h3 Bxg3 24. fxg3 Qe7 25. Qf4 Rd7 26. a4 Bb7 27. Rf1 Rd8 28. Rc1 Rd7 29. Rf1 Kh8 30. Kh2 Rd2 31. Rf2 Rxf2 32. Qxf2 Qe4 33. Qd2 Kh7 34. h4 h5 35. Qe2 Qg4 36. Qd3+ Qe4 37. Qe2 Kh6 38. Qf2 c5 39. bxc5 bxc5 40. Qd2 c4 41. Qb2 Qxg2+ 42. Qxg2 Bxg2 43. Kxg2 c3 44. Kh3 c2 45. a5 c1=Q 46. Kg2 Qxe3 47. a6 Kg6 48. Kh3 Kf5 49. Kg2 Kg4 50. Kh1 Qe2 51. Kg1 Kxg3 52. Kh1 Qd1# 0-1